ბათუმის შოთა რუსთაველის სახელმწიფო უნივერსიტეტის ბიბლიოთეკა

რელიგიური პროცესები საქართველოში XX და XXI საუკუნეთა მიჯნაზე (ბიბ.ჩანაწერი № 34700)

000 -LEADER
fixed length control field 00857nam a2200229Ia 4500
001 - CONTROL NUMBER
control field 486
003 - CONTROL NUMBER IDENTIFIER
control field GE_BSU
008 - FIXED-LENGTH DATA ELEMENTS--GENERAL INFORMATION
fixed length control field 181216s||||||||xx |||||||||||||| ||und||
020 ## - INTERNATIONAL STANDARD BOOK NUMBER
International Standard Book Number 9992897295
040 ## - CATALOGING SOURCE
Transcribing agency GE_BSU
080 ## - UNIVERSAL DECIMAL CLASSIFICATION NUMBER
Universal Decimal Classification number 21(479.22)
100 ## - MAIN ENTRY--PERSONAL NAME
Personal name ფანჯიკიძე,თეიმურაზ
245 ## - TITLE STATEMENT
Title რელიგიური პროცესები საქართველოში XX და XXI საუკუნეთა მიჯნაზე
245 ## - TITLE STATEMENT
Statement of responsibility, etc. რედ. რ ბალანჩივაძე
260 ## - PUBLICATION, DISTRIBUTION, ETC.
Place of publication, distribution, etc. თბილისი
260 ## - PUBLICATION, DISTRIBUTION, ETC.
Name of publisher, distributor, etc. ლეგა
260 ## - PUBLICATION, DISTRIBUTION, ETC.
Date of publication, distribution, etc. 2003
300 ## - PHYSICAL DESCRIPTION
Extent 445გვ.
653 ## - INDEX TERM--UNCONTROLLED
Uncontrolled term რელიგიური პროცესები საქართველოში XX და XXI საუკუნეთა მიჯნაზე
942 ## - ADDED ENTRY ELEMENTS (KOHA)
Koha item type წიგნი
ეგზემპლარები
Withdrawn status Lost status Damaged status Not for loan Date acquired Barcode Date last seen Price effective from Koha item type Public note
        2018-12-17 1210 2018-12-17 2018-12-17 წიგნი დარბაზი